[Event "CZE-ch U14"]
[Site "Teplice"]
[Date "2023.03.14"]
[Round "5"]
[White "Jasso, Matej"]
[Black "Andrle, Filip"]
[Result "1-0"]
[WhiteElo "1934"]
[BlackElo "1721"]
[PlyCount "47"]
[EventDate "2023.03.11"]
[EventType "swiss"]
[EventRounds "9"]
[EventCountry "CZE"]
[SourceTitle "CBM 213 Extra"]
[Source "ChessBase"]
[SourceDate "2023.05.31"]
[SourceVersion "1"]
[SourceVersionDate "2023.05.31"]
[SourceQuality "1"]

1. e4 c5 2. Nf3 Nc6 3. d4 cxd4 4. Nxd4 Nf6 5. Nc3 d6 6. f3 e5 7. Nb3 Be6 8. Be3 Be7 9. Qe2 a6 10. g4 h6 11. 0-0-0 Rc8 12. Nc5 Qc7 13. Nxe6 fxe6 14. h4 b5 15. Bh3 Nd7 16. g5 Nc5 17. gxh6 gxh6 18. f4 Bf6 19. Bxc5 dxc5 20. Bxe6 h5 21. Nd5 Qd8 22. Qg2 Rc7 23. Nxc7+ Qxc7 24. Qg6+ 1-0

[Event "Moravia-Silesia Region-chT 2223"]
[Site "Czech Republic"]
[Date "2023.02.12"]
[Round "8"]
[White "Jasso, Matej"]
[Black "Melecky, Jaroslav"]
[Result "1/2-1/2"]
[WhiteElo "1927"]
[BlackElo "1851"]
[PlyCount "66"]
[EventDate "2022.10.09"]
[EventType "team-tourn"]
[EventRounds "11"]
[EventCountry "CZE"]
[SourceTitle "EXT 2024"]
[Source "ChessBase"]
[SourceDate "2023.10.10"]
[SourceVersion "1"]
[SourceVersionDate "2023.10.10"]
[SourceQuality "1"]
[WhiteTeam "Bruntal"]
[BlackTeam "Dolni Benesov II"]
[WhiteTeamCountry "CZE"]
[BlackTeamCountry "CZE"]

1. e4 d5 2. exd5 Nf6 3. d4 Nxd5 4. c4 Nb6 5. Nc3 g6 6. Nf3 Bg7 7. h3 0-0 8. Be3 Nc6 9. Be2 Re8 10. d5 Ne5 11. Nxe5 Bxe5 12. Qb3 e6 13. Rd1 exd5 14. c5 Nd7 15. Qxd5 Qe7 16. 0-0 c6 17. Qc4 Bc7 18. Rfe1 Qe5 19. g3 Qe7 20. Bf1 Ne5 21. Qe2 Be6 22. Bg2 Bc4 23. Qc2 Rad8 24. Ne4 Bd3 25. Qc3 Bxe4 26. Bxe4 Rxd1 27. Rxd1 Rd8 28. Rxd8+ Qxd8 29. Qb3 Qc8 30. Kh2 Nd7 31. Qc4 Nf6 32. Bg2 Qe6 33. Qb4 Qc8 1/2-1/2

[Event "CZE-ch U12"]
[Site "Kouty nad Desnou"]
[Date "2020.03.09"]
[Round "4"]
[White "Jasso, Matej"]
[Black "Kubin, Tomas Daniel"]
[Result "1-0"]
[WhiteElo "1582"]
[BlackElo "1484"]
[PlyCount "57"]
[EventDate "2020.03.07"]
[EventType "swiss"]
[EventRounds "7"]
[EventCountry "CZE"]
[SourceTitle "CBM 195 Extra"]
[Source "ChessBase"]
[SourceDate "2020.05.31"]
[SourceVersion "1"]
[SourceVersionDate "2020.05.31"]
[SourceQuality "1"]

1. e4 d5 2. exd5 Nf6 3. d4 Nxd5 4. c4 Nb6 5. Nf3 g6 6. Nc3 Bg7 7. Be3 0-0 8. h3 Nc6 9. Be2 e5 10. d5 Ne7 11. 0-0 f5 12. Qb3 Kh8 13. Rad1 e4 14. Ng5 f4 15. Bxb6 axb6 16. Ncxe4 Nf5 17. Nf3 Re8 18. Neg5 Nd6 19. Bd3 Bd7 20. Rde1 Ba4 21. Qb4 c5 22. dxc6 Bxc6 23. Qxd6 Qxd6 24. Nf7+ Kg8 25. Nxd6 Red8 26. c5 Kf8 27. Ng5 Rd7 28. Ne6+ Kg8 29. Bc4 1-0

[Event "Karlovy Vary CupT U16"]
[Site "Karlovy Vary"]
[Date "2020.01.22"]
[Round "2.3"]
[White "Jasso, Matej"]
[Black "Pejrimovska, Viola Ruby"]
[Result "1/2-1/2"]
[WhiteElo "1558"]
[BlackElo "1594"]
[PlyCount "59"]
[EventDate "2020.01.22"]
[EventType "team-swiss"]
[EventRounds "4"]
[EventCountry "CZE"]
[SourceTitle "CBM 194 Extra"]
[Source "ChessBase"]
[SourceDate "2020.03.31"]
[SourceVersion "1"]
[SourceVersionDate "2020.03.31"]
[SourceQuality "1"]
[WhiteTeam "Moravskoslezsky kraj"]
[BlackTeam "Vysocina kraj"]
[WhiteTeamCountry "CZE"]
[BlackTeamCountry "CZE"]

1. e4 c5 2. Nf3 e6 3. d4 cxd4 4. Nxd4 a6 5. Nc3 d6 6. Be3 Nf6 7. Bc4 b5 8. Bb3 Qc7 9. f3 Nc6 10. Qd2 Be7 11. 0-0-0 0-0 12. h4 Nxd4 13. Bxd4 Nd7 14. g4 Nc5 15. h5 Nxb3+ 16. axb3 Bd7 17. g5 a5 18. g6 a4 19. bxa4 b4 20. h6 fxg6 21. hxg7 Rf6 22. Qh6 Kf7 23. Qxh7 Rg8 24. Qxg8+ Kxg8 25. Rh8+ Kxg7 26. Rdh1 g5 27. R1h7+ Kg6 28. Rh6+ Kf7 29. R6h7+ Kg6 30. Rh6+ 1/2-1/2

[Event "EU-ch U10"]
[Site "Bratislava"]
[Date "2019.08.09"]
[Round "8"]
[White "Jasso, Matej"]
[Black "Csernyik, Mark"]
[Result "0-1"]
[WhiteElo "1419"]
[BlackElo "1771"]
[PlyCount "88"]
[EventDate "2019.08.02"]
[EventType "swiss"]
[EventRounds "9"]
[EventCountry "SVK"]
[SourceTitle "EXT 2020"]
[Source "ChessBase"]
[SourceDate "2019.10.17"]
[SourceVersion "1"]
[SourceVersionDate "2019.10.17"]
[SourceQuality "1"]

1. e4 d5 2. e5 c5 3. c3 Nc6 4. d4 cxd4 5. cxd4 Bf5 6. Nf3 e6 7. Bb5 Bb4+ 8. Bd2 Bxd2+ 9. Qxd2 Nge7 10. 0-0 0-0 11. Nc3 Bg4 12. Ne1 Qb6 13. Be2 Bxe2 14. Nxe2 Nf5 15. Nf3 Rac8 16. Rac1 a5 17. Rfd1 Rc7 18. Ng3 Nxg3 19. hxg3 Rfc8 20. a3 h6 21. Rc3 a4 22. Qc2 Qa7 23. Rc1 b5 24. Qd2 Na5 25. Qd3 Nc4 26. Qe2 Qb6 27. g4 b4 28. axb4 Qxb4 29. g5 h5 30. Nh4 g6 31. g4 Kg7 32. gxh5 Rh8 33. Qf3 Rxh5 34. Qf6+ Kh7 35. Rh3 Qd2 36. Rcc3 Qxg5+ 37. Qxg5 Rxg5+ 38. Ng2+ Kg7 39. b3 axb3 40. Rxb3 Nd2 41. Rb2 Rc1+ 42. Kh2 Nf1+ 43. Kh1 Ne3+ 44. Ne1 Rxe1+ 0-1